04639nam a2200445 a 450000100060000000300080000600500170001400800410003103500140007204000310008604100080011705100300012508200250015509000200018011101130020024502000031326000390051330000250055250510300057765000450160765000400165294200120169299900170170495201540172195201540187595201540202995201540218395201550233795201540249295201550264695201550280195201550295695201550311195201550326695201540342195201550357595201550373095201540388595201540403971939BD-RjUL20211209082205.0170509s1965 nyuabc b i100 0 eng c a(BD-RjUL) aDLC/ICUcCGUdBD-RjULbeng aeng aTK9006b.I5 1964cCopy 2.0 a621.48223bINP 1965 aNclb539.15 UNI2 aInternational Conference on the Peaceful Uses of Atomic Energyn(3rd :d1964 :cGeneva, Switzerland)921276810aProceedings of the third International Conference on the Peaceful Uses of Atomic Energy :bheld in Geneva 8 August-20 Agust 1964 /cInternational Conference on the Peaceful Uses of Atomic Energy. aNew York :bUnited Nations,c1965. av. :bill. ;c29 cm.0 av. 1. The worlds requirements for energy : the role of nuclear energy -- v. 2. Physics; research reactors -- v. 3. Power Reactor -- v. 4. Cross section important to reactor design -- v. 5-6. Physics of reactor design : 1. Gas-cooled and water-cooled reactors. 2. Fast reactors and advanced concepts -- v. 7. Nuclear chemistry and effects of irradiation -- v. 8. Production technology of the materials used for nuclear energy -- v. 9. Reactor technology and chemical processing -- v. 10-12. Radioactive isotopes and nuclear radiations in medicine 1. Fabricaton and reprocessing. 2. Radioactive isotopes and ionizing radiations in agriculture, physiology, and biochemistry. 3. Raw materials -- v. 13. Legal, administration, health and safety aspects of large-scale use of nuclear energy -- v. 14. General aspects of the use of radioactive isotopes : dosimetry -- v. 15. Applications of radioactive isotopes and fission products in research and industry -- v. 16.Record of the conference -- v. 17. Index of the proceedings. 0aNuclear engineeringvCongresses.9212769 0aNuclear energyvCongresses.9212770 2ddccBK c71939d71939 00102ddc40718NFICaRUCLbRUCLcReadingd1970-12-10eSweet & Zeitlingerg1220.00l0o621.48 INP V-3 1956r2017-05-09 00:00:00tC-1w2021-12-09yBK 00102ddc40718NFICaRUCLbRUCLcReadingd1970-12-10eSweet & Zeitlingerg1220.00l0o621.48 INP V-4 1956r2017-05-09 00:00:00tC-1w2021-12-09yBK 00102ddc40718NFICaRUCLbRUCLcReadingd1970-12-10eSweet & Zeitlingerg1220.00l0o621.48 INP V-7 1956r2017-05-09 00:00:00tC-1w2021-12-09yBK 00102ddc40718NFICaRUCLbRUCLcReadingd1970-12-10eSweet & Zeitlingerg1220.00l0o621.48 INP V-2 1956r2017-05-09 00:00:00tC-1w2021-12-09yBK 00102ddc40718NFICaRUCLbRUCLcReadingd1970-12-10eSweet & Zeitlingerg1220.00l0o621.48 INP V-12 1956r2017-05-09 00:00:00tC-1w2021-12-09yBK 00102ddc40718NFICaRUCLbRUCLcReadingd1970-12-10eSweet & Zeitlingerg1220.00l0o621.48 INP V-1 1956r2017-05-09 00:00:00tC-1w2021-12-09yBK 00102ddc40718NFICaRUCLbRUCLcReadingd1970-12-10eSweet & Zeitlingerg1220.00l0o621.48 INP V-14 1956r2017-05-09 00:00:00tC-1w2021-12-09yBK 00102ddc40718NFICaRUCLbRUCLcReadingd1970-12-10eSweet & Zeitlingerg1220.00l0o621.48 INP V-16 1956r2017-05-09 00:00:00tC-1w2021-12-09yBK 00102ddc40718NFICaRUCLbRUCLcReadingd1970-12-10eSweet & Zeitlingerg1220.00l0o621.48 INP V-17 1958r2017-05-09 00:00:00tC-1w2021-12-09yBK 00102ddc40718NFICaRUCLbRUCLcReadingd1970-12-10eSweet & Zeitlingerg1220.00l0o621.48 INP V-11 1956r2017-05-09 00:00:00tC-1w2017-05-09yBK 00102ddc40718NFICaRUCLbRUCLcReadingd1970-12-10eSweet & Zeitlingerg1220.00l0o621.48 INP V-10 1956r2017-05-09 00:00:00tC-1w2017-05-09yBK 00102ddc40718NFICaRUCLbRUCLcReadingd1970-12-10eSweet & Zeitlingerg1220.00l0o621.48 INP V-9 1956r2017-05-09 00:00:00tC-1w2017-05-09yBK 00102ddc40718NFICaRUCLbRUCLcReadingd1970-12-10eSweet & Zeitlingerg1220.00l0o621.48 INP V-15 1956r2017-05-09 00:00:00tC-1w2017-05-09yBK 00102ddc40718NFICaRUCLbRUCLcReadingd1970-12-10eSweet & Zeitlingerg1220.00l0o621.48 INP V-13 1956r2017-05-09 00:00:00tC-1w2017-05-09yBK 00102ddc40718NFICaRUCLbRUCLcReadingd1970-12-10eSweet & Zeitlingerg1220.00l0o621.48 INP V-5 1956r2017-05-09 00:00:00tC-1w2017-05-09yBK 00102ddc40718NFICaRUCLbRUCLcReadingd1970-12-10eSweet & Zeitlingerg1220.00l0o621.48 INP V-8 1956r2017-05-09 00:00:00tC-1w2017-05-09yBK